000
00203nam a22000857a 4500
008
161210b xxu||||| |||| 00| 0 eng d
100
_9
1980
_a
Dayaram.N.
245
_a
Mathematics-XII
260
_a
New Delhi
_c
2008
999
_c
4790
_d
4790